Expressions françaises avec de la nourriture - Statistiques

Statistiques générales
  • Ce quiz a été pris 1 818 fois
  • Le résultat moyen est 21 sur 30
Statistiques - réponses
Expression Réponse % Correct
Avoir du ... sur la planche Pain
100%
Compter pour du ... Beurre
99%
Se faire rouler dans la ... Farine
97%
Ce n'est pas ma tasse de ... Thé
92%
(Lever son verre) Porter un ... Toast
88%
S'aplatir comme une ... Crêpe
87%
(Sans problème) Ça passe ... Crème
86%
Marcher sur des ... Oeuf
86%
Jeter de l' ... sur le feu Huile
84%
Cracher dans la ... Soupe
82%
On ne fait pas d' ... sans casser des œufs Omelette
76%
Pleurer comme une ... Madeleine
75%
(Bouder) Faire du ... Boudin
73%
Avoir le cul bordé de ... Nouilles
73%
Tourner au ... Vinaigre
71%
En faire tout un ... Fromage
70%
Casser du ... sur le dos Sucre
68%
Pédaler dans la ... Choucroute
67%
La ... me monte au nez Moutarde
67%
Être aux petits ... Oignons
63%
(Facile) C'est du ... Gâteau
62%
Se faire prendre pour un ... Jambon
57%
(Pas facile) Ce n'est pas de la ... Tarte
57%
(Qui cuisine vraiment bien) C'est un vrai ... Cordon bleu
55%
Il y a une couille dans le ... Potage
51%
(Avoir du ventre) Avoir de la ... Brioche
48%
Faire monter la ... Mayonnaise
43%
(C'est exagéré) C'est fort de ... Café
42%
Ménager la chèvre et le ... Chou
28%
Tirer les ... du feu Marrons
14%
Aucun quiz correspondant
Distribution des résultats
% des personnes avec chaque résultat
Percentile par nombre de réponses
Votre historique - résultats
Vous n’avez pas pris ce quiz